LEADER 00949nas a2200253 i 4500 001 000000162171 003 CaOOAMICUS 005 20080226000000.0 008 070611b2007 ne uu u0 0eng r 013 $a139535 040 $aSeMil$bita 245 10$a[2007 : 2]. 260 $aLeiden ; Boston :$bBrill,$ccopyr. 2007. 300 $aP. [109]-227 p. ;$c24 cm. 500 $aArticoli con sintesi in inglese [Abstract] in testa. 700 1 $aThomassen, Einar.$0(OLS)http://semarc/name/42333 700 1 $aBenavides, Gustavo.$0(OLS)http://semarc/name/42332 773 0 $tNumen.$dLeiden : E. J. Brill, 1954.$x0029-5973$w()2539 774 0 $t[vedi periodico].$w()266656 850 $aSeMil 852 $aSeMil$W1$xVenegono$y1$m181 5 61$j113546$B113546$CSeMilBibl$Z2$F131968 $85 961 $aAbbonamento: Brill 996 $6245$a[2007 : 2]$9(OLS)http://semarc/title/144363 996 $6260$aLeiden ; Boston :$bBrill$9(OLS)http://semarc/publisher/39473 LEADER 01256nam a2200241 i 4500 001 000000011112 003 CaOOAMICUS 005 20230822140621.0 008 180830s2018 gw u000 u ger u 040 $aSeMil$bita 100 1 $aSchipper, Bernd Ulrich <1968- >.$0(OLS)http://semarc/name/89775 245 10$aSprüche (Proverbia) /$cBernd U. Schipper. 250 $aNeubearbeitung 264 1$aGöttingen :$bVandenhoeck & Ruprecht,$c2018- 300 $av. ;$c24 cm. 490 1 $aBiblischer Kommentar. Altes Testament ;$v17 650 4$aBibbia. Antico Testamento. Proverbi - Commentari, studi, critica, interpretazioni.$0(OLS)http://semarc/subject/13566 650 4$aBibbia. Antico Testamento. Proverbi - Analisi narrativa e linguistica.$0(OLS)http://semarc/subject/47964 774 0 $aSchipper, Bernd Ulrich <1968- >$tProverbien 1,1?15,33.$dGöttingen : Vandenhoeck & Ruprecht, 2018.$kBiblischer Kommentar. Altes Testament$z978-3-7887-3057-4$g1$w()256763 830 0$aBiblischer Kommentar. Altes Testament ;$v17.$0(OLS)http://semarc/title/46819 996 $6245$aSprüche (Proverbia)$9(OLS)http://semarc/title/401265 996 $6264$aGöttingen :$bVandenhoeck & Ruprecht$9(OLS)http://semarc/publisher/29697